Entry Topical Term
Number of records used in: 1
001 - CONTROL NUMBER
003 - CONTROL NUMBER IDENTIFIER
005 - DATE AND TIME OF LATEST TRANSACTION
- control field:
20230217124444.0
008 - FIXED-LENGTH DATA ELEMENTS
- fixed length control field:
230217|| aca||aabn | a|a d
040 ## - CATALOGING SOURCE
- Original cataloging agency:
JRU
- Transcribing agency:
JRU
150 ## - HEADING--TOPICAL TERM
- Topical term or geographic name as entry element:
PHARMACY
- General subdivision:
D. PHARMA
670 ## - SOURCE DATA FOUND
- Source citation:
Work cat.: (JRU)8231: GOYAL ,Dr. RAMESH K . ,BHATT , Dr. PRALOOP . AND KUMAR , Dr. PRADEEP 7515, BASIC OF HEALTH EDUCATION AND COMMUNITY FARMACY , 2014-2015